The evolution of India and Pakistan, 1858 to 1947 : (Record no. 4586)
[ view plain ]
| 000 -LEADER | |
|---|---|
| fixed length control field | 01388cam a22003855a 4500 |
| 001 - CONTROL NUMBER | |
| JCCL Control Number | 4586 |
| 003 - CONTROL NUMBER IDENTIFIER | |
| JCCL marc code | BD-JhCC |
| 005 - DATE AND TIME OF LATEST TRANSACTION | |
| control field | 20171128185724.0 |
| 008 - FIXED-LENGTH DATA ELEMENTS--GENERAL INFORMATION | |
| fixed length control field | 030701s1965 enk 000 0 eng|| |
| 035 ## - SYSTEM CONTROL NUMBER | |
| system control number | (BD-JhCC)4586 |
| 038 ## - RECORD CONTENT LICENSOR | |
| Record content licensor | UkLCURL |
| 040 ## - CATALOGING SOURCE | |
| Original cataloging agency | UkShU |
| Modifying agency | UkOxU |
| -- | BD-JhCC |
| 041 ## - LANGUAGE CODE | |
| Language code of Book | eng |
| 082 ## - DEWEY DECIMAL CLASSIFICATION NUMBER | |
| Classification number | 954.03 |
| Author mark and Year | PHI 1965 |
| 090 ## - LOCALLY ASSIGNED LC-TYPE CALL NUMBER (OCLC); LOCAL CALL NUMBER (OCLC) | |
| Classification number (OCLC) (R) ; Classification number, CALL (RLIN) (NR) | She |
| Local cutter number (OCLC) ; Book number/undivided call number, CALL (RLIN) | 954.04 (P) |
| 100 1# - MAIN ENTRY--PERSONAL NAME | |
| Personal name | Philips, C. H. |
| Fuller form of name | (Cyril Henry), |
| Dates associated with a name | 1912-2005. |
| 245 14 - TITLE STATEMENT | |
| Title | The evolution of India and Pakistan, 1858 to 1947 : |
| Remainder of title | select documents / |
| Statement of responsibility, etc | compiled by C. H. Philips, with the co-operation of H. L. Singh and B. N. Pandey. |
| 250 ## - EDITION STATEMENT | |
| Edition statement | E.L.B.S. ed. |
| 260 ## - PUBLICATION, DISTRIBUTION, ETC. (IMPRINT) | |
| Place of publication, distribution, etc | London : |
| Name of publisher, distributor, etc | The English Language Book Society and Oxford University Press, |
| Date of publication, distribution, etc | 1965. |
| 300 ## - PHYSICAL DESCRIPTION | |
| Pagination | xxi, 786 p. ; |
| Dimensions | 25 cm. |
| 490 1# - SERIES STATEMENT | |
| Series statement | Select documents on the history of India and Pakistan ; |
| Volume number/sequential designation | v. 4 |
| 490 1# - SERIES STATEMENT | |
| Series statement | E.L.B.S. textbook series |
| 504 ## - BIBLIOGRAPHY, ETC. NOTE | |
| Bibliography, etc | Includes bibliographical references and index. |
| 650 ## - SUBJECT ADDED ENTRY--TOPICAL TERM | |
| Topical term or geographic name as entry element | India |
| 650 ## - SUBJECT ADDED ENTRY--TOPICAL TERM | |
| Topical term or geographic name as entry element | British Occupation of India |
| 651 #0 - SUBJECT ADDED ENTRY--GEOGRAPHIC NAME | |
| Geographic name | India |
| General subdivision | History |
| Chronological subdivision | 19th century. |
| 651 #0 - SUBJECT ADDED ENTRY--GEOGRAPHIC NAME | |
| Geographic name | India |
| General subdivision | History |
| Chronological subdivision | 20th century. |
| 700 1# - ADDED ENTRY--PERSONAL NAME | |
| Personal name | Singh, Harischandra Lal |
| 700 1# - ADDED ENTRY--PERSONAL NAME | |
| Personal name | Pandey, B. N. |
| Fuller form of name | (Bishwa Nath), |
| Dates associated with a name | 1929- |
| 710 2# - ADDED ENTRY--CORPORATE NAME | |
| Corporate name or jurisdiction name as entry element | English Language Book Society. |
| 830 #0 - SERIES ADDED ENTRY--UNIFORM TITLE | |
| Uniform title | E.L.B.S. textbook series. |
| 830 #0 - SERIES ADDED ENTRY--UNIFORM TITLE | |
| Uniform title | Select documents on the history of India and Pakistan ; |
| Volume number/sequential designation | v. 4 |
| 942 ## - ADDED ENTRY ELEMENTS (KOHA) | |
| Source of classification or shelving scheme | Dewey Decimal Classification |
| Koha item type | Books |
| Source of classification or shelving scheme | Damaged status | Not for loan | Home library | Current library | Shelving location | Date of accession | Cost, normal purchase price | Total Checkouts | Full call number | Barcode | Date last seen | Copy number | Koha item type |
|---|---|---|---|---|---|---|---|---|---|---|---|---|---|
| Dewey Decimal Classification | JCC Rouf Library | JCC Rouf Library | General Stacks | 11/28/2017 | 0.00 | 954.03 PHI 1965 | 6568 | 11/28/2017 | C - 1 | Books | |||
| Dewey Decimal Classification | JCC Rouf Library | JCC Rouf Library | General Stacks | 12/06/2017 | 954.03 PHI 1965 | 6444 | 12/06/2017 | C-2 | Books |